| 000 | 00407cam a2200169ua 4500 | ||
|---|---|---|---|
| 020 | _a0 34036785 7 | ||
| 041 |
_aeng _h |
||
| 082 |
_a621.1 _bRIX/ME |
||
| 100 | _aRix, M A . | ||
| 245 |
_aMechanical science vol- 4 / _cM A Rix. _hTextual Documents |
||
| 250 |
_a1 / _b. |
||
| 260 |
_aLondon : _bHodder and stoughton , _c1985. |
||
| 300 | _a210 ; . | ||
| 504 | _a | ||
| 942 | _cBK | ||
| 999 |
_c8941 _d8941 |
||